Postacie z mitologii greckiej - Statystyki

Ogólne statystyki
  • Ten quiz został rozwiązany 66 razy
  • Średni wynik to 34 z 83
Statystyki odpowiedzi
Hint Odpowiedź % Poprawnych
brat ^^, bóg zaświatów Hades
92%
bóg morza Posejdon
92%
najmłodszy syn ^ i ^^, bóg niebios Zeus
92%
Matka ziemia Gaja
86%
żona ^, bogini małżeństwa Hera
84%
bóg wojny i rozlewu krwi Ares
82%
bogini strategii Atena
82%
bóg ognia i opiekun kowali Hefajstos
82%
bogini rolnictwa, matka ^ Demeter
80%
bogini wiosny i śmierci, żona ^ Persefona
80%
jego najsłabszym punktem w ciele była pięta Achilles
78%
zjadał swoje dzieci, syn ^ i ^^ Kronos
78%
bogini dziewictwa, księżyca, lasu i łowów, siostra bliźniczka ^ Artemida
76%
bóg sztuki, łucznictwa, wyroczni, medycyny i słońca Apollo
75%
musiał wykonać 12 prac Herakles
75%
bogini miłości, żona ^ Afrodyta
73%
bóg wina i teatru Dionizos
73%
wracał do domu po wojnie trojańskiej 10 lat Odyseusz
71%
podleciał za blisko słońca Ikar
67%
bóg sportu, podróży, złodziei i kupców Hermes
63%
stworzył ludzi Prometeusz
63%
Personifikacja nieba, mąż ^ Uranos
63%
bóg seksu i miłości Eros
59%
bogini rodziny, opiekunka ogniska domowego Hestia
59%
Spartańska królowa porwana przez ^ Helena
55%
wybitny muzyk, chciał sprowadzić swoją ukochaną ze zmarłych Orfeusz
55%
musi wtaczać głaz na górę Syzyf
55%
najstarszy książe Troi Hektor
53%
bogini zwycięstwa Nike
53%
żona ^ Reja
51%
wszystko, czego dotknął zamieniało się w złoto Midas
49%
zabił Minotaura. Był kochankiem ^, ale porzucił ją na wyspie, gdy spałą Tezeusz
47%
ukochana ^ Eurydyka
43%
tytan słońca Helios
43%
wierna żona ^ Penelopa
43%
zabił Meduzę Perseusz
43%
żona ^, jej atrybutem jest nić Ariadna
41%
zmieniła przyjaciół Odyseusza i świnie Kirke
37%
9 boginek sztuki i nauki Muzy
37%
bóg natury Pan
37%
zabił Achillesa, młodszy syn ^ Parys
37%
3 boginie zemsty Erynie
35%
bogini sprawiedliwości Temida
35%
bogini niezgody Eris
33%
bóg snów Morfeusz
31%
tytanida księżyca Selene
31%
bogini tęczy Iris
29%
3 boginie przeznaczenia Mojry
29%
poszukiwał złotego runa Jazon
27%
bogini zemsty Nemezis
27%
ojciec ^^, król Troi Priam
27%
żona ^ Amfitryta
25%
bogini młodości Hebe
25%
bogini magii kobiet Hekate
25%
bóg snu Hypnos
25%
mieszka na Ogygii, więziła Odyseusza przez 7 lat Kalipso
25%
matka ^ i ^^ Latona
24%
mąż ^ Menelaos
24%
brat ^ Agamemnon
22%
bogini nocy Nyks
22%
syn ^ i ^^ Telemach
22%
bóg medycyny Asklepios
20%
wieszczka z Troi, przeklęta, żeby nikt jej nie wierzył Kasandra
20%
matka Achillesa Tetyda
20%
bóg wiatru, zabił ^ Zefir
20%
ukochany Apollina, zginął podczas rzucania dyskami Hiakintos
18%
żona ^ Psyche
18%
ojciec ^^ Minos
14%
przyjaciel/kochanek ^ Patrokles
14%
bogini szczęścia Tyche
14%
żona ^ Andromeda
10%
przegrał z Apollinem konkurs, został za to obdarty ze skóry Marsjasz
10%
mąż ^ Peleus
10%
zamieniła się w drzewo, byle tylko nie ulec Apollinowi Dafne
8%
druga żona Heraklesa Dejanira
8%
matka Dionizosa Semele
6%
żona ^ Andromacha
4%
bogini wojny i rozlewu krwi, córka resa Enyo
4%
matka Ateny Metyda
4%
bogini porodu, córka Zeusa i Hery Ejtejtyja
2%
bogini pychy Hubris
2%
została zabita przez Artemidę za zdradę Apollina z innym mężczyzną Koronis
2%
pierwsza żona Heraklesa Megara
2%
Nie znaleziono quizów pasujących do podanych kryteriów
Rozkład punktacji
Procent ludzi z każdym wynikiem
Percentyl według liczby udzielonych odpowiedzi
Twoja historia wyników
Nie rozwiązałeś tego quizu